000 00853nac a22002537a 4500
001 BR7310411
003 BR-BrBNA
005 20240105113607.0
008 230509b bl.|||m| |||| 00| 0 por d
040 _aBR-BrBNA
_bpor
_cBiblioteca Nacional de Agricultura
072 _aE70
090 _aE70 BR7310411
110 1 _aBanco do Brasil S.A., Rio de Janeiro, GB. Carteira de Comercio Exterior
_91107
245 1 _aRelatorio CACEX 1973 [Banco do Brasil S.A., Carteira de Comercio Exterior]
260 3 _aRio de Janeiro, GB (Brasil):
_c1973.
300 _a306 p.
490 _aRelatorio - Banco do Brasil S.A. Carteira de Comercio Exterior (Brazil)
_v
_x
500 _aNumerical data
650 _aEXPORTACAO
650 _aCOMERCIO EXTERIOR
650 _aFINANCIAMENTO
909 _a202312
_bLúcia Elande
_c55
_dLúcia Elande
942 _2AGRIS
_n0
_cMS
999 _c264577
_d264577